| 000 | 01657cam a2200469 4500 | ||
|---|---|---|---|
| 008 | 020416n2003 000 0 eng u | ||
| 020 | _a1841133809 | ||
| 035 | _a(Sirsi) u121797 | ||
| 041 | _aeng | ||
| 050 |
_a346.41043 _c18 |
||
| 100 | _aSparkes, Peter | ||
| 245 | 2 | _aA new land law | |
| 250 | _a2nd ed. | ||
| 260 |
_aOxford _bHart _c2003 |
||
| 300 |
_acxxviii, 852p. _c25cm. |
||
| 350 | _a27.50 | ||
| 520 | _aThe second edition of this major text covering all aspects of land law has been revised to incorporate key changes introduced by the Land Registration Act 2002, commonholds, human rights jurisprudence, and judicial exposition. Provides chapters on the fundamental building blocks of land law such as registration, land, estates and ownership as well as discussing the new transfer system, the new approach to adverse possession against registered titles, and proprietary interests. With substantial reference to case law. | ||
| 520 | _aSupersedes first edition (ISBN 1841130133). | ||
| 650 | _aLAND REGISTER | ||
| 650 | _aLAND REGISTRATION ACT 2002 | ||
| 650 | _aHUMAN RIGHTS | ||
| 650 | _aTRANSFER | ||
| 650 | _aESTATES | ||
| 650 | _aSALE OF LAND | ||
| 650 | _aTRUSTS OF LAND | ||
| 650 | _aBURDENS | ||
| 650 | _aPROPRIETARY ESTOPPEL | ||
| 650 | _aCO-OWNERSHIP | ||
| 650 | _aOCCUPATION RIGHTS | ||
| 650 | _aNEIGHBOURS | ||
| 650 | _aCOMMONHOLD | ||
| 650 | _aLONG LEASES | ||
| 650 | _aSHORT TENANCIES | ||
| 650 | _aMORTGAGES | ||
| 650 | _aEASEMENTS | ||
| 650 | _aPLANNING | ||
| 650 | _aPRESCRIPTION | ||
| 650 | _aADVERSE POSSESSION | ||
| 650 | _aCOVENANTS | ||
| 690 | _aPROPERTY | ||
| 942 | _n0 | ||
| 999 |
_c102740 _d102740 |
||